| 000 | 00931cam a22002774a 4500 | ||
|---|---|---|---|
| 005 | 20160610113458.0 | ||
| 008 | 020412s2002 dcuab b 001 0 eng | ||
| 020 | _a155963846X | ||
| 020 | _a1559638478 | ||
| 040 |
_aDLC _cDLC _dDLC |
||
| 041 | 0 | _aspa | |
| 042 | _apcc | ||
| 044 | _ack | ||
| 082 | 0 | 0 |
_a577.55 _bF23n |
| 245 | 0 | 4 |
_aThe farm as natural habitat : _breconnecting food systems with ecosystems / _ceditado por Dana L. Jackson y Laura L. Jackson. |
| 260 |
_aWashington, D.C. : _bIsland Press, _cc2002. |
||
| 300 |
_axii, 297 páginas : _bilustraciones y mapas ; _c24 x 15 cm. |
||
| 500 | _aIncluye índice. | ||
| 504 | _aIncluye referencias bibliográficas. | ||
| 650 | 2 | 4 | _aEcología agrícola |
| 650 | 2 | 6 | _aAgrobiodiversidad |
| 650 | 2 | 6 |
_aAgrobiodiversidad _xconservación |
| 700 | 1 |
_aJackson, Dana L. _eeditora |
|
| 700 | 1 |
_aJackson, Laura L. _eeditora |
|
| 942 |
_2ddc _cLIBRO |
||
| 999 |
_c3736 _d3736 |
||